000 00495nam a2200193Ia 4500
003 GCL
008 140319s9999 xx 000 0 eng d
040 _aGCL /
_cGCL
082 0 4 _a759
_bF J
100 1 _aFERRE, JEAN
245 1 0 _aJEAN - ANTOINE WATTEAU /
_cFERRE, JEAN
260 _a[S.N] :
_bEDITIONS DE VERGEURES ،
_c1980
300 _a56 PP
490 _aL'ECOLE DES GRANDS PEINTRES
_v0
650 0 4 _aARTS
650 0 4 _aPAINTING
650 0 4 _aJEAN- ANTOINE WATTEAU
942 _2ddc
_cBK
999 _c20317
_d20317